[Event "Novosibirsk Region-ch final"]
[Site "Novosibirsk"]
[Date "2008.12.13"]
[Round "9"]
[White "Kuzmin, Artem"]
[Black "Survilo, Viktoria"]
[Result "1/2-1/2"]
[WhiteElo "2018"]
[BlackElo "1899"]
[PlyCount "45"]
[EventDate "2008.12.05"]
[EventType "swiss"]
[EventRounds "9"]
[EventCountry "RUS"]
[SourceTitle "EXT 2010"]
[Source "ChessBase"]
[SourceDate "2010.11.25"]
[SourceVersion "1"]
[SourceVersionDate "2010.11.25"]
[SourceQuality "1"]

1. e4 e6 2. d4 d5 3. e5 c5 4. c3 Nc6 5. Nf3 Bd7 6. a3 c4 7. Bf4 Nge7 8. Be2 Na5 9. Nbd2 Nc8 10. 0-0 Nb6 11. Qc1 Ba4 12. Bd1 Rc8 13. Bc2 Nb3 14. Qb1 Nxa1 15. Bxa4+ Nxa4 16. Qxa1 Qb6 17. Rb1 Be7 18. Ne1 0-0 19. g3 Rc6 20. Nf1 Qc7 21. Nc2 Rb6 22. Bd2 a5 23. Nfe3 1/2-1/2

[Event "Novosibirsk Region-ch final"]
[Site "Novosibirsk"]
[Date "2008.12.10"]
[Round "6"]
[White "Kuzmin, Artem"]
[Black "Zaichenko, Daria"]
[Result "1/2-1/2"]
[WhiteElo "2018"]
[BlackElo "2084"]
[PlyCount "62"]
[EventDate "2008.12.05"]
[EventType "swiss"]
[EventRounds "9"]
[EventCountry "RUS"]
[SourceTitle "EXT 2010"]
[Source "ChessBase"]
[SourceDate "2010.11.25"]
[SourceVersion "1"]
[SourceVersionDate "2010.11.25"]
[SourceQuality "1"]

1. e4 e6 2. d4 d5 3. e5 c5 4. c3 Nc6 5. Nf3 Bd7 6. a3 f6 7. Bd3 Qc7 8. 0-0 fxe5 9. Nxe5 Nf6 10. Nxd7 Qxd7 11. Bc2 Bd6 12. Re1 0-0 13. f4 Rac8 14. Ba4 cxd4 15. cxd4 Ne4 16. Qg4 Qf7 17. Nc3 h5 18. Qh3 Ng5 19. Qd3 Bxf4 20. Bxf4 Qxf4 21. Bxc6 Qf2+ 22. Kh1 bxc6 23. Qg6 Qxb2 24. Ne2 Ne4 25. Qxe6+ Kh8 26. Nf4 Rxf4 27. Qxc8+ Kh7 28. Qe8 Qxd4 29. Qxh5+ Kg8 30. Qe8+ Kh7 31. Qh5+ Kg8 1/2-1/2

[Event "Novosibirsk Region-ch final"]
[Site "Novosibirsk"]
[Date "2008.12.06"]
[Round "2"]
[White "Chuguev, Anton"]
[Black "Kuzmin, Artem"]
[Result "1-0"]
[WhiteElo "2197"]
[BlackElo "2018"]
[PlyCount "69"]
[EventDate "2008.12.05"]
[EventType "swiss"]
[EventRounds "9"]
[EventCountry "RUS"]
[SourceTitle "EXT 2010"]
[Source "ChessBase"]
[SourceDate "2010.11.25"]
[SourceVersion "1"]
[SourceVersionDate "2010.11.25"]
[SourceQuality "1"]

1. d4 Nf6 2. Nf3 g6 3. Bf4 Bg7 4. h3 0-0 5. e3 d6 6. Bc4 Nbd7 7. 0-0 c6 8. a4 b6 9. Qe2 Bb7 10. Bh2 a6 11. Nbd2 b5 12. Bb3 Qb6 13. e4 c5 14. e5 dxe5 15. dxe5 Nd5 16. c4 bxc4 17. a5 Qc6 18. Ba4 Qe6 19. Nxc4 h6 20. Rfe1 Rac8 21. Rad1 Bc6 22. Bxc6 Qxc6 23. e6 fxe6 24. Qxe6+ Qxe6 25. Rxe6 Rf6 26. Rxf6 N7xf6 27. Nb6 Rd8 28. Bc7 Nxc7 29. Rxd8+ Nfe8 30. Nd5 Nxd5 31. Rxd5 Nd6 32. Rxc5 Nb7 33. Rc8+ Kf7 34. b4 Nd6 35. Rc6 1-0

[Event "Novosibirsk-ch U18 op"]
[Site "Novosibirsk"]
[Date "2007.10.03"]
[Round "7"]
[White "Kuzmin, Artem"]
[Black "Dzhumagaliev, Yan"]
[Result "1-0"]
[WhiteElo "1968"]
[BlackElo "2246"]
[PlyCount "93"]
[EventDate "2007.09.25"]
[EventType "swiss"]
[EventRounds "9"]
[EventCountry "RUS"]
[SourceTitle "EXT 2022"]
[Source "ChessBase"]
[SourceDate "2021.10.06"]
[SourceVersion "1"]
[SourceVersionDate "2021.10.06"]
[SourceQuality "1"]

1. e4 c5 2. c3 d5 3. exd5 Qxd5 4. d4 Nf6 5. Nf3 e6 6. Na3 Qd8 7. Bf4 cxd4 8. Nb5 Nd5 9. Bxb8 Rxb8 10. Nbxd4 a6 11. Be2 Be7 12. 0-0 0-0 13. Qc2 Bf6 14. Rfd1 Qc7 15. Qe4 Qf4 16. Bd3 Qxe4 17. Bxe4 Ne7 18. Nb3 b6 19. Rd6 Bb7 20. Nbd2 Nd5 21. Nc4 Rfd8 22. Rxd8+ Bxd8 23. Nd6 Ba8 24. Rd1 Bc7 25. c4 Bxd6 26. cxd5 Rd8 27. Kf1 Bf8 28. Ng5 g6 29. Nxf7 Kxf7 30. dxe6+ Ke7 31. Rxd8 Bxe4 32. Rb8 b5 33. Rb6 a5 34. f3 Bd5 35. Kf2 b4 36. b3 Bxe6 37. Ra6 Kf6 38. Rxa5 h5 39. h4 Be7 40. g3 Bf5 41. f4 Ke6 42. Ke3 Bb1 43. Kd4 Bf6+ 44. Kc4 Bc3 45. a3 Kd6 46. axb4 Bd2 47. Rd5+ 1-0

[Event "Novosibirsk-ch U18 op"]
[Site "Novosibirsk"]
[Date "2007.09.29"]
[Round "4"]
[White "Kuzmin, Artem"]
[Black "Loginov, Vladislav"]
[Result "0-1"]
[WhiteElo "1968"]
[BlackElo "2086"]
[PlyCount "70"]
[EventDate "2007.09.25"]
[EventType "swiss"]
[EventRounds "9"]
[EventCountry "RUS"]
[SourceTitle "EXT 2022"]
[Source "ChessBase"]
[SourceDate "2021.10.06"]
[SourceVersion "1"]
[SourceVersionDate "2021.10.06"]
[SourceQuality "1"]

1. e4 c5 2. c3 d5 3. exd5 Qxd5 4. d4 Nf6 5. Nf3 e6 6. Na3 Qd8 7. Nc4 Be7 8. Be2 0-0 9. 0-0 Nc6 10. Bf4 cxd4 11. Nxd4 Nxd4 12. Qxd4 Qxd4 13. cxd4 Rd8 14. Rfd1 Nd5 15. Bg3 b6 16. Ne5 Bb7 17. Rac1 Bg5 18. Rb1 Rac8 19. h4 Bf4 20. Bxf4 Nxf4 21. Bf1 Rc7 22. g3 Nd5 23. Rbc1 Rdc8 24. Rc4 Ne7 25. Bd3 Bd5 26. Rxc7 Rxc7 27. Bb1 f6 28. Nd3 Nf5 29. Nf4 Bf3 30. Re1 Nxd4 31. Kh2 e5 32. Nd3 Bb7 33. Re3 Nf3+ 34. Kh3 Nd2 35. Re1 Nxb1 0-1